000 01512nam0a2200361 4500
001 RU\NLR\bibl\1768476
005 20250616130707.0
010 _a978-5-88648-739-8
_9250
021 _aRU
_b2011-30854
_92194
035 _a(nilc)RSL-KNO-004935027
035 _a(NLR Aleph) 001759265
090 _a1567983
_c1567983
100 _a20110503d2010 |||y0rusy50 ca
101 0 _arus
102 _aRU
105 _aa |||||||||
200 1 _aНекробионтные жесткокрылые (Insecta; Coleoptera) юга России
_fС.В. Пушкин
_gМ-во образования и науки Рос. Федерации, Гос. образоват. учреждение высш. проф. образования "Ставроп. гос. ун-т"
210 _aСтаврополь
_cИзд-во СГУ
_d2010
215 _a182 с.
_cил., карт.
_d20
320 _aБиблиогр.: с. 155-176 (251 назв.)
606 1 _aЖуки некробионтные
_yРоссийская Федерация
_yЕвропейская часть
_yЮг
_92629373
_3RU\NLR\auth\661565933
686 _aЕ691.894.1-813.5,0
_2rubbk
686 _aЕ685.9(2Р37),0
_2rubbk
686 _aЕ691.894.1(2Р37)
700 1 _aПушкин
_bС. В.
_gСергей Викторович
_4070
801 0 _aRU
_bRuMoRKP
_c20110503
_grcr
801 1 _aRU
_bРГБ
_c20110503
801 2 _aRU
_bNLR
_c20110512
_grcr
830 _aАвт. по кн.
942 _cBOOK
980 _aNB
980 _aNBR